<?xml version="1.0" encoding="UTF-8"?><?xml-stylesheet type="text/xsl" href="static/style.xsl"?><OAI-PMH xmlns="http://www.openarchives.org/OAI/2.0/" xmlns:xsi="http://www.w3.org/2001/XMLSchema-instance" xsi:schemaLocation="http://www.openarchives.org/OAI/2.0/ http://www.openarchives.org/OAI/2.0/OAI-PMH.xsd"><responseDate>2026-06-01T18:10:45Z</responseDate><request verb="GetRecord" identifier="oai:riuma.uma.es:10630/9623" metadataPrefix="marc">https://riuma.uma.es/rest/oai/request</request><GetRecord><record><header><identifier>oai:riuma.uma.es:10630/9623</identifier><datestamp>2026-02-03T12:55:20Z</datestamp><setSpec>com_10630_5368</setSpec><setSpec>com_10630_3139</setSpec><setSpec>com_10630_10</setSpec><setSpec>col_10630_9621</setSpec></header><metadata><record xmlns="http://www.loc.gov/MARC21/slim" xmlns:dcterms="http://purl.org/dc/terms/" xmlns:doc="http://www.lyncode.com/xoai" xmlns:xsi="http://www.w3.org/2001/XMLSchema-instance" xsi:schemaLocation="http://www.loc.gov/MARC21/slim http://www.loc.gov/standards/marcxml/schema/MARC21slim.xsd">
   <leader>00925njm 22002777a 4500</leader>
   <datafield ind2=" " ind1=" " tag="042">
      <subfield code="a">dc</subfield>
   </datafield>
   <datafield ind2=" " ind1=" " tag="720">
      <subfield code="a">Robles Prieto, F. J.</subfield>
      <subfield code="e">author</subfield>
   </datafield>
   <datafield ind2=" " ind1=" " tag="720">
      <subfield code="a">Castellano Paulis, J.</subfield>
      <subfield code="e">author</subfield>
   </datafield>
   <datafield ind2=" " ind1=" " tag="720">
      <subfield code="a">Perea Rodríguez, A. E.</subfield>
      <subfield code="e">author</subfield>
   </datafield>
   <datafield ind2=" " ind1=" " tag="260">
      <subfield code="c">2014-07-30</subfield>
   </datafield>
   <datafield ind2=" " ind1=" " tag="520">
      <subfield code="a">El objeto de este estudio, analizando la acción de juego en fútbol, describe el uso de los contextos de interacción que la selección española de fútbol y sus rivales hicieron en los campeonatos internacionales. Para ello, 13 partidos fueron observados y codificados (seis de la Eurocopa 2008 y siete del Mundial 2010) gracias a un sistema taxonómico ad hoc previamente definido. Los datos fueron registrados usando un software específico. Después, coordenadas polares fueron desarrolladas usando sólo como conductas criterio los contextos de interacción. Los resultados obtenidos describen que España y sus oponentes no hicieron el mismo uso del espacio de juego en sus partidos (más ofensivo para los primeros), mostrando la dimensión diacrónica de los eventos y combinando las perspectivas prospectiva y retrospectiva. Esto nos permite saber el componente estratégico del uso de los contextos de interacción hechos por los equipos en la competición y optimizar programas de entrenamiento específicos.</subfield>
   </datafield>
   <datafield ind1="8" ind2=" " tag="024">
      <subfield code="a">2255-0461</subfield>
   </datafield>
   <datafield ind1="8" ind2=" " tag="024">
      <subfield code="a">http://hdl.handle.net/10630/9623</subfield>
   </datafield>
   <datafield tag="653" ind2=" " ind1=" ">
      <subfield code="a">Fútbol</subfield>
   </datafield>
   <datafield ind2="0" ind1="0" tag="245">
      <subfield code="a">Diferencias del juego entre la selección española de fútbol y sus rivales.</subfield>
   </datafield>
</record>
</metadata></record></GetRecord></OAI-PMH>